[Event "S02021, 2020 Server NA  Class B, Rd 1"]
[Site "CCLA"]
[Date "2020.04.25"]
[Round "?"]
[White "Strelecky, Rich"]
[Black "Fisher Jr., Arthur"]
[Result "1-0"]
[WhiteElo "1756"]
[BlackElo "1583"]

1. Nc3 Nf6 2. e4 e5 3. Nf3 Nc6 4. Bb5 d6 5. d4 exd4 6. Nxd4 Bd7 7. O-O 
Nxd4 8. Qxd4 Be7 9. Bxd7+ Qxd7 10. b3 O-O 11. Bb2 Rfe8 12. Rfd1 Bf8 13. f3
a6 14. Qd2 Qe6 15. Nd5 Nxd5 16. Qxd5 Qxd5 17. Rxd5 g6 18. c4 Bg7 19. Bxg7 
Kxg7 20. a4 Re7 21. g4 Rae8 22. Kf2 Re5 23. Ke3 Rxd5 24. cxd5 a5 25. Kd4 
g5 26. h4 h5 27. gxh5 gxh4 28. Rh1 Kh6 29. Rxh4 Re5 30. Rf4 f5 31. Rxf5 
Rxf5 32. exf5 Kxh5 33. f4 Kh6 34. Kc4 c6 35. dxc6 bxc6 36. b4 axb4 37. a5 
c5 38. a6 d5+ 39. Kb3 d4 40. a7 1-0

[Event "Spring Server Series, S02061"]
[Site "CCLA"]
[Date "2020.05.26"]
[Round "?"]
[White "Wheatley, Daniel D."]
[Black "Blumberg, David L."]
[Result "1/2-1/2"]
[WhiteElo "1943"]
[BlackElo "2064"]

1. c4 c5 2. g3 g6 3. Bg2 Bg7 4. Nf3 Nc6 5. Nc3 d6 6. Rb1 e5 7. d3 Nge7 8. 
O-O O-O 9. a3 a5 10. e3 Rb8 11. Nd5 b6 12. Qc2 h6 13. h3 Bd7 14. Rd1 Nxd5 
15. cxd5 Ne7 16. Nd2 Qc8 17. Kh2 b5 18. Nf1 b4 19. Nd2 b3 20. Qc4 a4 21. 
Qh4 Nf5 22. Qe4 Ne7 23. Nc4 f5 24. Qh4 g5 25. Qh5 Be8 26. Qe2 Qa6 27. Bd2 
Bb5 28. e4 Bxc4 29. dxc4 f4 30. Rdc1 Ng6 31. gxf4 exf4 32. f3 Rbe8 33. Bc3
Bxc3 34. Rxc3 Nh4 1/2-1/2

[Event "Spring Server Series, S02061"]
[Site "CCLA"]
[Date "2020.05.26"]
[Round "?"]
[White "Wheatley, Daniel D."]
[Black "Hayward, Clark W."]
[Result "1-0"]
[WhiteElo "1943"]
[BlackElo "1853"]

1. c4 g6 2. g3 Bg7 3. Bg2 c5 4. Nc3 d6 5. Nf3 Nc6 6. Rb1 Nf6 7. a3 O-O 8. 
O-O Re8 9. b4 Rb8 10. d3 Ng4 11. Bd2 b6 12. Ne1 Bb7 13. h3 Nf6 14. Nc2 e5 
15. Ne3 Qd7 16. Ned5 Nxd5 17. Nxd5 Ne7 18. e4 Nc6 19. Bh6 Qd8 20. Bxg7 
Kxg7 21. f4 Bc8 22. f5 Bd7 23. f6+ Kh8 24. Qd2 Rg8 25. b5 Nd4 26. Ne7 Qf8 
27. g4 Ne6 28. g5 Qd8 29. Nxg8 Qxg8 30. Kh2 Rd8 31. h4 h5 32. gxh6 Kh7 33.
 Bh3 Nf4 34. Bxd7 Rxd7 35. Rxf4 exf4 36. Qxf4 Rd8 37. Rg1 Qf8 38. Rg5 Qxh6
39. h5 Rg8 40. Kg3 Qxg5+ 41. Qxg5 gxh5 42. Qxg8+ Kxg8 43. Kh4 Kf8 44. Kxh5
Ke8 45. Kh6 Kd7 46. Kg7 Ke6 47. a4 1-0

[Event "Spring Server Series, S02061"]
[Site "CCLA"]
[Date "2020.05.26"]
[Round "?"]
[White "Wheatley, Daniel D."]
[Black "Shannon, Paul D."]
[Result "0-1"]
[WhiteElo "1943"]
[BlackElo "2027"]

1. c4 c5 2. g3 Nf6 3. Bg2 g6 4. Nf3 Bg7 5. d4 cxd4 6. Nxd4 Nc6 7. Nc3 O-O 
8. O-O Nxd4 9. Qxd4 d6 10. Qd3 a6 11. Rd1 Qa5 12. e4 Rb8 13. Bd2 Qh5 14. 
Rab1 Bh3 15. Qf1 Bxg2 16. Qxg2 Nd7 17. Nd5 Ne5 18. Nxe7+ Kh8 19. b3 Nf3+ 
20. Kh1 Nxd2 21. Rxd2 Qg5 22. Rxd6 Qxe7 23. Rbd1 Rbd8 24. Rxd8 Rxd8 25. 
Rd5 Kg8 26. f4 Rxd5 27. cxd5 f6 28. Qc2 Qd7 29. Qc4 Qb5 30. Qxb5 axb5 31. 
Kg2 Kf7 32. Kf3 Ke7 33. Ke3 Kd6 34. Kd4 g5 35. h3 h5 36. a3 h4 37. gxh4 
gxf4 38. Kd3 f5 39. exf5 Kxd5 40. a4 b4 41. h5 Ke5 42. Ke2 Kxf5 0-1

[Event "Spring Server Series, S02061"]
[Site "CCLA"]
[Date "2020.05.26"]
[Round "?"]
[White "Blumberg, David L."]
[Black "Wheatley, Daniel D."]
[Result "1-0"]
[WhiteElo "2064"]
[BlackElo "1943"]

1. d4 Nf6 2. c4 c5 3. Nf3 cxd4 4. Nxd4 e5 5. Nb5 d5 6. cxd5 Bb4+ 7. Bd2 
Bc5 8. d6 O-O 9. Nc7 Qxd6 10. Nxa8 Ne4 11. e3 Rd8 12. a3 a6 13. Qe2 Bd7 
14. Qd3 Bc6 15. Qxd6 Rxd6 16. Bb4 Nd7 17. f3 Ng5 18. Nd2 b5 19. Rc1 Bxb4 
20. axb4 Ne6 21. Ne4 Bxe4 22. fxe4 Ng5 23. Rd1 Rxd1+ 24. Kxd1 Nxe4 25. Ke2
Nd6 26. g3 Ne8 27. Bg2 Kf8 28. Rc1 Ke7 29. Nc7 1-0

[Event "Spring Server Series, S02061"]
[Site "CCLA"]
[Date "2020.05.26"]
[Round "?"]
[White "Blumberg, David L."]
[Black "Hayward, Clark W."]
[Result "1-0"]
[WhiteElo "2064"]
[BlackElo "1853"]

1. d4 g6 2. c4 Bg7 3. e4 c5 4. Nf3 d6 5. Be2 Nc6 6. d5 Ne5 7. Nxe5 Bxe5 8.
 O-O e6 9. Nc3 h6 10. Rb1 a5 11. Be3 Ne7 12. Qd2 Bg7 13. dxe6 Bxe6 14. 
Rfd1 Bxc3 15. Qxc3 Rh7 16. Bxc5 Nc8 17. Bxd6 Nxd6 18. c5 Rc8 19. Rxd6 Qc7 
20. Rbd1 Qxc5 21. Qf6 Qc7 22. Bb5+ Kf8 23. Rd8+ Rxd8 24. Rxd8+ Qxd8 25. 
Qxd8+ Kg7 26. b3 Rh8 27. Qd4+ Kh7 28. h3 Rc8 29. Bc4 Rc6 30. Bxe6 Rxe6 31.
 Qd5 b6 32. f3 h5 33. Kf2 Kg7 34. h4 1-0

[Event "Spring Server Series, S02061"]
[Site "CCLA"]
[Date "2020.05.26"]
[Round "?"]
[White "Blumberg, David L."]
[Black "Shannon, Paul D."]
[Result "1/2-1/2"]
[WhiteElo "2064"]
[BlackElo "2027"]

1. d4 e5 2. dxe5 Nc6 3. Nf3 Qe7 4. Nc3 Nxe5 5. e4 c6 6. Be2 Nxf3+ 7. Bxf3 
d6 8. O-O Qe5 9. Re1 Ne7 10. g3 Ng6 11. Bg2 Be7 12. Be3 O-O 13. Bd4 Qa5 
14. f4 f5 15. a3 fxe4 16. Bxe4 Bf5 17. b4 Qc7 18. Qd3 Bxe4 19. Nxe4 d5 20.
 Nc5 Bxc5 21. Bxc5 Rfe8 22. Re2 b6 23. Bf2 Qd7 24. Rae1 Rxe2 25. Qxe2 Rc8 
26. Qe6+ Qxe6 27. Rxe6 Kf7 28. Re2 Nf8 29. g4 Nd7 30. Bh4 Re8 31. Kf1 c5 
32. Rxe8 Kxe8 33. Ke2 cxb4 34. axb4 a5 35. bxa5 bxa5 36. Kd3 Kf7 37. Be1 
a4 38. Kc3 Nb6 39. Bf2 Nc4 40. Bc5 g6 41. Kb4 a3 42. Kb3 Ke6 43. Bxa3 h5 
44. gxh5 gxh5 45. Bc1 1/2-1/2

[Event "Spring Server Series, S02061"]
[Site "CCLA"]
[Date "2020.05.26"]
[Round "?"]
[White "Hayward, Clark W."]
[Black "Wheatley, Daniel D."]
[Result "0-1"]
[WhiteElo "1853"]
[BlackElo "1943"]

1. d4 Nf6 2. Nf3 c5 3. d5 b5 4. Bg5 g6 5. Bxf6 exf6 6. e4 b4 7. Nbd2 Bg7 
8. Bc4 d6 9. Rb1 O-O 10. O-O Nd7 11. b3 Nb6 12. Be2 f5 13. Nc4 fxe4 14. 
Nfd2 Re8 15. Ne3 Bd4 16. Ndc4 Bb7 17. Na5 Bxd5 18. Nxd5 Nxd5 19. Nc6 Qf6 
20. Nxd4 Nc3 21. Qe1 Nxb1 22. Qxb1 cxd4 23. Bc4 Qe5 24. Qe1 a5 25. Qd1 d5 
26. Be2 Rac8 27. f4 exf3 28. Bxf3 Rc3 29. Bg4 Qe3+ 30. Kh1 d3 31. cxd3 
Rxd3 32. Qa1 Rc3 0-1

[Event "Spring Server Series, S02061"]
[Site "CCLA"]
[Date "2020.05.26"]
[Round "?"]
[White "Hayward, Clark W."]
[Black "Blumberg, David L."]
[Result "0-1"]
[WhiteElo "1853"]
[BlackElo "2064"]

1. d4 Nf6 2. Nf3 e6 3. e3 b6 4. Bd3 Bb7 5. Nbd2 c5 6. b3 cxd4 7. exd4 Nd5 
8. Bb2 Be7 9. O-O Nf4 10. Nc4 Nxd3 11. Qxd3 O-O 12. Rfe1 d6 13. Ncd2 Nd7 
14. Rad1 Re8 15. c4 Nf6 16. Ne4 Bxe4 17. Rxe4 Nxe4 18. Qxe4 d5 19. Qd3 Rc8
20. cxd5 exd5 21. Re1 Bb4 22. Rxe8+ Qxe8 23. a3 Bd6 24. g3 Qe4 25. Qxe4 
dxe4 26. Ne1 f5 27. Kf1 Kf7 28. Ke2 Ke6 29. Kd2 Be7 30. Nc2 g6 31. Ne3 Bg5
32. h4 Bxe3+ 33. fxe3 b5 34. Bc3 a6 35. Bb4 h5 36. Bc5 Rg8 37. Ke2 a5 38. 
Bb6 a4 39. b4 Kd5 40. Bc7 Rc8 0-1

[Event "Spring Server Series, S02061"]
[Site "CCLA"]
[Date "2020.05.26"]
[Round "?"]
[White "Hayward, Clark W."]
[Black "Shannon, Paul D."]
[Result "0-1"]
[WhiteElo "1853"]
[BlackElo "2027"]

1. d4 Nf6 2. Nf3 e6 3. e3 b6 4. Bd3 Bb7 5. Nbd2 c5 6. b3 Nc6 7. Bb2 cxd4 
8. exd4 Nb4 9. Be2 Be7 10. a3 Nbd5 11. Ne5 Nf4 12. Bf3 Nxg2+ 13. Bxg2 Bxg2
14. Rg1 Bb7 15. Rxg7 Rf8 16. Qe2 Qc7 17. O-O-O Rc8 18. c4 b5 19. Kb1 bxc4 
20. Rc1 Qb8 21. Nexc4 Qxh2 22. Ka2 h5 23. d5 Nxd5 24. Be5 Qh3 25. Rg3 Qf5 
26. Rf3 Qh7 27. Ne4 Rc6 28. Rd3 f6 29. Ned6+ Bxd6 30. Bxd6 Ne7 31. Qd2 Ba6
32. Bxe7 Bxc4 0-1

[Event "Spring Server Series, S02061"]
[Site "CCLA"]
[Date "2020.05.26"]
[Round "?"]
[White "Shannon, Paul D."]
[Black "Wheatley, Daniel D."]
[Result "1-0"]
[WhiteElo "2027"]
[BlackElo "1943"]

1. e4 c5 2. Nc3 a6 3. g3 b5 4. Bg2 Bb7 5. d3 Nf6 6. Nf3 b4 7. Ne2 d6 8. 
O-O Nbd7 9. Bd2 g6 10. Qc1 Bg7 11. Bh6 O-O 12. Bxg7 Kxg7 13. Nh4 Qb6 14. 
Qg5 e6 15. c4 Ne5 16. Qd2 Nc6 17. f4 Rad8 18. f5 Ne5 19. Rad1 d5 20. Qf4 
dxc4 21. Qxe5 cxd3 22. Nf4 c4+ 23. Kh1 exf5 24. Nxf5+ gxf5 25. Nh5+ Kh6 
26. Rxf5 Rd6 27. Qf4+ Kg6 28. Qg5# 1-0

[Event "Spring Server Series, S02061"]
[Site "CCLA"]
[Date "2020.05.26"]
[Round "?"]
[White "Shannon, Paul D."]
[Black "Blumberg, David L."]
[Result "1/2-1/2"]
[WhiteElo "2027"]
[BlackElo "2064"]

1. e4 c5 2. Nc3 Nc6 3. f4 g6 4. Nf3 Bg7 5. Bb5 Nd4 6. O-O Nxb5 7. Nxb5 a6 
8. Nc3 b5 9. d3 d6 10. Nd5 e6 11. Ne3 Bb7 12. c3 Ne7 13. Bd2 O-O 14. Be1 
Qd7 15. Bh4 f5 16. Nd2 Rae8 17. Qc2 Kh8 18. a4 Ra8 19. Bxe7 Qxe7 20. Rae1 
Qd7 21. exf5 exf5 22. axb5 axb5 23. Nf3 Ra2 24. Qb3 Raa8 25. Nc2 Bxf3 26. 
Rxf3 Rae8 27. Rfe3 Rxe3 28. Rxe3 d5 29. d4 Ra8 30. dxc5 Bf8 31. Rd3 Bxc5+ 
32. Kf1 Rd8 33. g3 Kg7 34. Nd4 Bxd4 35. Rxd4 Kf6 36. Qd1 Kf7 37. Qd3 Qc6 
38. b3 Ke6 39. c4 bxc4 40. bxc4 Rd6 41. Qe3+ Kd7 1/2-1/2

[Event "Spring Server Series, S02061"]
[Site "CCLA"]
[Date "2020.05.26"]
[Round "?"]
[White "Shannon, Paul D."]
[Black "Hayward, Clark W."]
[Result "1-0"]
[WhiteElo "2027"]
[BlackElo "1853"]

1. e4 e6 2. d4 d5 3. Nd2 Nf6 4. e5 Nfd7 5. Bd3 c5 6. c3 Nc6 7. Ne2 cxd4 8.
 cxd4 f6 9. exf6 Nxf6 10. O-O Bd6 11. Nf3 Qc7 12. Bg5 Qf7 13. Bh4 h6 14. 
Bg3 Be7 15. Qb1 Ne4 16. Bxe4 dxe4 17. Qxe4 Bd7 18. Ne5 Nxe5 19. Bxe5 Bc6 
20. Qf4 Qg6 21. Qg3 Qxg3 22. Nxg3 O-O 23. f3 Bd5 24. a3 Rac8 25. Rf2 Bf6 
26. Ne2 Kf7 27. Nc3 Bc6 28. Bxf6 gxf6 29. Rd2 Rfd8 30. Rad1 Bd5 31. Nxd5 
Rxd5 32. Kf2 h5 33. Ke3 Kg6 34. h4 Rb5 35. b4 Rd5 36. Rd3 b6 37. g4 Rc7 
38. Rg1 hxg4 39. fxg4 Rh7 40. h5+ Kg5 41. Ke4 Rhd7 42. Rd2 a6 43. a4 e5 
44. Rgd1 exd4 45. Rxd4 Re5+ 46. Kf3 Rxd4 47. Rxd4 Re6 48. Rd5+ 1-0

[Event "Spring Server Series, S02062"]
[Site "CCLA"]
[Date "2020.05.26"]
[Round "?"]
[White "Silverman, Robert"]
[Black "Clancey, James"]
[Result "1/2-1/2"]
[WhiteElo "1877"]
[BlackElo "1799"]

1. c4 e5 2. Nc3 Nf6 3. Nf3 Nc6 4. g3 d5 5. b3 e4 6. cxd5 Nxd5 7. Nxe4 Qe7 
8. Nc3 Nxc3 9. dxc3 Qd6 10. Bd2 Bg4 11. Bg2 O-O-O 12. Ng5 Bh5 13. Ne4 Qg6 
14. Qc2 f5 15. Ng5 Bd6 16. O-O h6 17. Rae1 hxg5 18. e4 Qh7 19. f3 fxe4 20.
 Bxg5 Bc5+ 21. Be3 Bxe3+ 22. Rxe3 Bg6 23. h4 exf3 24. Bh3+ Kb8 25. Qc1 Qh6
26. Rfxf3 Ne5 27. Rf1 Rhe8 28. Bg2 a6 29. c4 Nd3 30. Rxe8 Rxe8 31. Qxh6 
gxh6 32. h5 Bxh5 33. Bf3 Bg6 34. Kg2 Re1 35. Kg1 Rxf1+ 36. Kxf1 Nc1 37. 
Bd1 Nxa2 38. Kf2 Nb4 39. Ke3 Nc6 40. Bf3 Bc2 41. Bxc6 Bxb3 42. Bd5 c6 43. 
Bf7 Kc7 44. Kd3 b5 45. Bg8 h5 46. Kc3 Bd1 47. Kb4 Bg4 48. c5 Bc8 49. Bf7 
Bg4 50. Bg8 Kd8 51. Bh7 Ke7 52. Be4 Kd7 53. Ka5 Kc7 54. Kb4 Bd7 1/2-1/2

[Event "Spring Server Series, S02062"]
[Site "CCLA"]
[Date "2020.05.26"]
[Round "?"]
[White "Silverman, Robert"]
[Black "Hey, Brian"]
[Result "1/2-1/2"]
[WhiteElo "1877"]
[BlackElo "1937"]

1. c4 f5 2. Nc3 Nf6 3. g3 d6 4. Bg2 e5 5. Rb1 Be7 6. b4 O-O 7. e3 Kh8 8. 
Nge2 Nbd7 9. O-O e4 10. d3 Ne5 11. dxe4 fxe4 12. Nxe4 Bf5 13. Qc2 c6 14. 
Bb2 Qe8 15. f3 Nxe4 16. fxe4 Be6 17. c5 Bxa2 18. Ra1 Rxf1+ 19. Bxf1 Be6 
20. Nd4 Bd7 21. Nf5 Bxf5 22. exf5 Ng4 23. Qe4 Nf6 24. Bxf6 gxf6 25. Qe6 
dxc5 26. bxc5 Qf8 27. Rb1 Bxc5 28. Rxb7 Re8 29. Qxc6 Rxe3 30. Kg2 Re7 31. 
Rb2 Bb6 32. Ba6 Rc7 33. Qe4 Qc5 34. Bb7 Qg1+ 35. Kh3 Qd4 36. Rb4 Qxe4 37. 
Bxe4 Kg7 38. Kg4 1/2-1/2

[Event "Spring Server Series, S02062"]
[Site "CCLA"]
[Date "2020.05.26"]
[Round "?"]
[White "Silverman, Robert"]
[Black "Smith, Jason A."]
[Result "1-0"]
[WhiteElo "1877"]
[BlackElo "1802"]

1. c4 Nf6 2. Nc3 e6 3. e4 d5 4. e5 d4 5. exf6 dxc3 6. bxc3 Qxf6 7. Nf3 b6 
8. Be2 Bb7 9. O-O Bd6 10. Bb2 O-O 11. d4 c5 12. Re1 Nc6 13. Bd3 Ne7 14. 
Nd2 Qh6 15. h3 f5 16. Bc1 Qg6 17. Nf3 cxd4 18. cxd4 Bb4 19. Re3 Bc3 20. 
Ba3 Bxa1 21. Qxa1 Rfe8 22. d5 Nxd5 23. Ne5 Qg5 24. Nf3 Qg6 25. Ne5 Qg5 26.
 Rg3 Qf6 27. Bb2 g5 28. Nd7 Qe7 29. cxd5 Qxd7 30. Rxg5+ Kf8 31. Ba3+ Re7 
32. Qg7+ Ke8 33. Qg8# 1-0

[Event "Spring Server Series, S02062"]
[Site "CCLA"]
[Date "2020.05.26"]
[Round "?"]
[White "Clancey, James"]
[Black "Silverman, Robert"]
[Result "0-1"]
[WhiteElo "1799"]
[BlackElo "1877"]

1. e4 c5 2. Nf3 a6 3. b3 d6 4. Bb2 Nf6 5. d4 Nxe4 6. Bd3 Bf5 7. d5 e6 8. 
dxe6 fxe6 9. Qe2 d5 10. Bxe4 dxe4 11. Ne5 Bd6 12. Nd2 b5 13. O-O-O Bxe5 
14. Bxe5 O-O 15. Nxe4 Qh4 16. f3 Bxe4 17. fxe4 Qg5+ 0-1

[Event "Spring Server Series, S02062"]
[Site "CCLA"]
[Date "2020.05.26"]
[Round "?"]
[White "Clancey, James"]
[Black "Hey, Brian"]
[Result "1-0"]
[WhiteElo "1799"]
[BlackElo "1937"]

1. e4 e5 2. Nf3 Nc6 3. Bc4 Nf6 4. d3 Be7 5. O-O O-O 6. Re1 d6 7. a4 Be6 8.
 Nbd2 Qd7 9. c3 Rfe8 10. h3 a6 11. Bb3 h6 12. Nc4 Bf8 13. Be3 Ne7 14. Bc2 
Ng6 15. a5 Bxh3 16. Kh2 Bg4 17. Ba4 c6 18. Nb6 Qe7 19. Nxa8 Rxa8 20. Bc2 
d5 21. Qe2 Nh4 22. Rh1 g5 23. Kg1 Bg7 24. Ra4 Nh5 25. Rxh4 gxh4 26. exd5 
f5 27. dxc6 bxc6 28. d4 e4 29. Qc4+ Kh8 30. Nh2 1-0

[Event "Spring Server Series, S02062"]
[Site "CCLA"]
[Date "2020.05.26"]
[Round "?"]
[White "Clancey, James"]
[Black "Smith, Jason A."]
[Result "0-1"]
[WhiteElo "1799"]
[BlackElo "1802"]

1. e4 Nf6 2. e5 Nd5 3. d4 d6 4. Nf3 Bg4 5. Be2 e6 6. b3 dxe5 7. h3 Bxf3 8.
 Bxf3 exd4 9. Bb2 Nc6 10. O-O Be7 11. c4 dxc3 12. Nxc3 Nxc3 13. Bxc3 Bf6 
14. Bxc6+ bxc6 15. Rc1 Qxd1 16. Rfxd1 Bxc3 17. Rxc3 Rd8 18. Rxd8+ Kxd8 19.
 Rxc6 Kd7 20. Rc4 Rb8 21. Kf1 Kd6 22. Ke2 c5 23. Ke3 Rb4 24. Ke4 Rxc4+ 25.
 bxc4 f5+ 26. Kf4 h6 27. h4 g5+ 28. hxg5 hxg5+ 29. Kxg5 Ke5 30. f3 Kd4 31.
 Kf4 Kxc4 32. g4 fxg4 33. fxg4 Kd4 34. g5 c4 35. g6 c3 36. g7 c2 37. g8=Q 
c1=Q+ 38. Kf3 Qf1+ 0-1

[Event "Spring Server Series, S02062"]
[Site "CCLA"]
[Date "2020.05.26"]
[Round "?"]
[White "Hey, Brian"]
[Black "Silverman, Robert"]
[Result "1-0"]
[WhiteElo "1937"]
[BlackElo "1877"]

1. d4 Nf6 2. c4 Nc6 3. Nf3 d6 4. Nc3 a6 5. d5 Na5 6. e4 c6 7. b4 b5 8. 
bxa5 Qxa5 9. Bd2 b4 10. Qa4 Qxa4 11. Nxa4 Nxe4 12. dxc6 Nxd2 13. Nxd2 Bf5 
14. a3 Rb8 15. axb4 Rxb4 16. Nc3 Rb6 17. c7 Rc6 18. Nd5 Be6 19. Bd3 Bxd5 
20. cxd5 Rxc7 21. Bxa6 f6 22. O-O g6 23. Bb5+ Kf7 24. Nf3 Bg7 25. Ra6 Rb7 
26. Bc6 Rb3 27. Nd4 Rb2 28. Ne6 Bh6 29. f4 f5 30. g3 Kf6 31. Rf2 Rxf2 32. 
Kxf2 Rg8 33. h4 Bg7 34. Nxg7 Kxg7 35. Ra8 Rxa8 36. Bxa8 Kh6 37. Bb7 Kg7 
38. Bc8 h5 39. Ke3 Kf6 40. Kd4 Kf7 41. Be6+ Kf6 42. Kc4 Kg7 43. Kb5 Kf8 
44. Kc6 Ke8 45. Kc7 g5 46. fxg5 f4 47. gxf4 1-0

[Event "Spring Server Series, S02062"]
[Site "CCLA"]
[Date "2020.05.26"]
[Round "?"]
[White "Hey, Brian"]
[Black "Clancey, James"]
[Result "1/2-1/2"]
[WhiteElo "1937"]
[BlackElo "1799"]

1. d4 Nf6 2. c4 g6 3. Nc3 d5 4. cxd5 Nxd5 5. Bd2 Bg7 6. e4 Nxc3 7. Bxc3 c5
8. d5 Bxc3+ 9. bxc3 O-O 10. Bc4 Nd7 11. Nf3 Nb6 12. Qd3 e6 13. O-O Nxc4 
14. Qxc4 exd5 15. exd5 Qd6 16. Rfe1 Bd7 17. Re3 Rfe8 18. Rae1 Rxe3 19. 
fxe3 b5 20. Qd3 f6 21. e4 c4 22. Qe2 Bg4 23. h3 Bxf3 24. Qxf3 1/2-1/2

[Event "Spring Server Series, S02062"]
[Site "CCLA"]
[Date "2020.05.26"]
[Round "?"]
[White "Hey, Brian"]
[Black "Smith, Jason A."]
[Result "0-1"]
[WhiteElo "1937"]
[BlackElo "1802"]

1. d4 Nf6 2. c4 e6 3. Nf3 b6 4. a3 Bb7 5. Nc3 g6 6. Qc2 Bg7 7. e4 O-O 8. 
Be2 d5 9. cxd5 exd5 10. e5 Ne4 11. Bd3 Nxc3 12. bxc3 c5 13. Qe2 Nc6 14. 
O-O cxd4 15. cxd4 Rc8 16. Bf4 Qe7 17. Rfe1 Nd8 18. Bg5 f6 19. Bh4 g5 20. 
Bg3 f5 21. h3 Ne6 22. Nd2 Nxd4 23. Qh5 Nc2 24. Bxc2 Rxc2 25. Nf3 f4 26. 
Nxg5 h6 27. Bxf4 Rxf4 0-1

[Event "Spring Server Series, S02062"]
[Site "CCLA"]
[Date "2020.05.26"]
[Round "?"]
[White "Smith, Jason A."]
[Black "Silverman, Robert"]
[Result "1-0"]
[WhiteElo "1802"]
[BlackElo "1877"]

1. Nf3 b6 2. d4 Bb7 3. Nbd2 Nf6 4. b3 g6 5. Bb2 Bg7 6. g3 O-O 7. Bg2 d6 8.
 c4 e5 9. dxe5 Ne4 10. O-O Nxd2 11. Qxd2 dxe5 12. Qxd8 Rxd8 13. Rad1 Nd7 
14. Rd2 f6 15. Rfd1 Bc6 16. Nxe5 Bxg2 17. Kxg2 fxe5 18. Rxd7 Bf6 19. Rxd8+
Bxd8 20. Bxe5 Kf7 21. Bxc7 Be7 22. e4 Ke6 23. f4 b5 24. cxb5 Rc8 25. Ba5 
Rc5 26. Bb4 Rxb5 27. Bxe7 Kxe7 28. Rd2 a5 29. Kf3 h5 30. g4 hxg4+ 31. Kxg4
a4 32. bxa4 Rh5 33. f5 Kf7 34. fxg6+ 1-0

[Event "Spring Server Series, S02062"]
[Site "CCLA"]
[Date "2020.05.26"]
[Round "?"]
[White "Smith, Jason A."]
[Black "Clancey, James"]
[Result "1/2-1/2"]
[WhiteElo "1802"]
[BlackElo "1799"]

1. Nf3 Nf6 2. d4 d5 3. Nbd2 c5 4. dxc5 e6 5. b4 a5 6. c3 axb4 7. cxb4 b6 
8. a4 bxc5 9. b5 Bd6 10. g3 c4 11. Bg2 Qc7 12. O-O Nbd7 13. Nb1 Nc5 14. 
Nfd2 O-O 15. Nxc4 Be7 16. Bf4 Qd8 17. b6 Ba6 18. Bc7 Qc8 19. Ne5 Ne8 20. 
Nc6 Bf6 21. Qc2 Nd7 22. Nc3 Nxb6 23. Bxb6 Qxc6 24. a5 Qxc3 25. Rac1 Qxc2 
26. Rxc2 Nd6 27. Bc5 Be7 28. Rfc1 Rfd8 29. e4 Bd3 30. Bxd6 Rxd6 31. Rc8+ 
Rxc8 32. Rxc8+ Rd8 33. Rxd8+ Bxd8 34. exd5 e5 35. d6 Bxa5 36. Bc6 Bd8 37. 
Kg2 f6 38. Kf3 Kf7 39. Ke3 Ba6 40. f4 Ke6 41. fxe5 fxe5 42. d7 Kd6 43. Ba4
Kd5 44. Bb3+ Bc4 45. Bc2 g6 46. h4 Bb5 47. h5 Bxd7 48. hxg6 Bb6+ 49. Kf3 
hxg6 50. Bxg6 Bg1 51. g4 1/2-1/2

[Event "Spring Server Series, S02062"]
[Site "CCLA"]
[Date "2020.05.26"]
[Round "?"]
[White "Smith, Jason A."]
[Black "Hey, Brian"]
[Result "0-1"]
[WhiteElo "1802"]
[BlackElo "1937"]

1. Nf3 f5 2. e4 fxe4 3. Ng5 Nc6 4. Nxe4 d5 5. Ng3 e5 6. Bb5 Nf6 7. O-O Bc5
8. Re1 O-O 9. Bxc6 bxc6 10. Rf1 Ng4 11. Nh1 Qh4 12. h3 Nxf2 13. Nxf2 Bxf2+
14. Kh1 Bxh3 15. Rxf2 Bxg2+ 16. Kxg2 Rxf2+ 17. Kg1 Qh2# 0-1

[Event "Spring Server Series, S02063"]
[Site "CCLA"]
[Date "2020.05.26"]
[Round "?"]
[White "Ruiz, Glenn"]
[Black "Smith, Jason A."]
[Result "1/2-1/2"]
[WhiteElo "1831"]
[BlackElo "1768"]

1. e4 Nf6 2. Nc3 d5 3. exd5 Nxd5 4. Bc4 Nb6 5. Bb3 Nc6 6. a4 Nd4 7. Ba2 
Bf5 8. d3 e6 9. Nge2 Bb4 10. Bd2 Nxe2 11. Qxe2 Bxc3 12. bxc3 Nxa4 13. Bxe6
Bxe6 14. Rxa4 O-O 15. O-O Re8 16. Re4 Bd5 17. Rxe8+ Qxe8 18. Re1 Qxe2 19. 
Rxe2 a5 20. c4 Be6 21. Bc3 a4 22. Re5 b6 23. Rb5 a3 24. f3 a2 25. Ba1 f6 
26. Kf2 Kf7 27. Ke3 Bd7 28. Rb2 Ke6 {White withdrew - adjudicated}1/2-1/2

[Event "Spring Server Series, S02063"]
[Site "CCLA"]
[Date "2020.05.26"]
[Round "?"]
[White "Ruiz, Glenn"]
[Black "Disque, Philip"]
[Result "1-0"]
[WhiteElo "1831"]
[BlackElo "1668"]

1. e4 Nf6 2. Nc3 e5 3. Nf3 Nc6 4. d4 Bb4 5. Nxe5 Qe7 6. Bd3 Nxe5 7. dxe5 
Qxe5 8. Bd2 d5 9. O-O O-O 10. exd5 Bxc3 11. Bxc3 Qg5 12. f4 Qh4 13. Qf3 
Bd7 14. Be1 Qh6 15. c4 Ng4 16. h3 Nf6 17. g4 Kh8 18. g5 Qxh3 19. gxf6 gxf6
20. Qxh3 Bxh3 21. Rf2 f5 22. Bc3+ f6 23. Rh2 Rg8+ 24. Kf2 1-0

[Event "Spring Server Series, S02063"]
[Site "CCLA"]
[Date "2020.05.26"]
[Round "?"]
[White "Ruiz, Glenn"]
[Black "Smail, John"]
[Result "1-0"]
[WhiteElo "1831"]
[BlackElo "1645"]

1. e4 e5 2. f4 exf4 3. Nf3 g5 4. Nc3 d6 5. d4 Bg7 6. g3 g4 7. Nh4 f3 8. 
Be3 Ne7 9. Qd2 Ng6 10. Nf5 Bxf5 11. exf5 Ne7 12. Bg5 f6 13. Bh6 Nxf5 14. 
Bxg7 Qe7+ 15. Kf2 Qxg7 16. Re1+ Kd7 17. Bc4 Kd8 18. Nd5 Nc6 19. c3 Nce7 
20. Nf4 Qh6 21. Ne6+ Kd7 22. Qxh6 Nxh6 23. Nxc7 Rac8 24. Bb5+ Kxc7 25. 
Rxe7+ Kb6 26. Ba4 Nf5 27. Re6 Rhf8 28. Rhe1 h5 29. R1e4 1-0

[Event "Spring Server Series, S02063"]
[Site "CCLA"]
[Date "2020.05.26"]
[Round "?"]
[White "Smith, Jason A."]
[Black "Ruiz, Glenn"]
[Result "1/2-1/2"]
[WhiteElo "1768"]
[BlackElo "1831"]

1. Nf3 Nf6 2. d4 e6 3. Nbd2 c5 4. e3 d5 5. b3 Nc6 6. Bb2 Bd6 7. a3 O-O 8. 
Bd3 b6 9. O-O Bb7 10. Ne5 Rc8 11. f4 Ne7 12. Qf3 b5 13. dxc5 Bxc5 14. b4 
Bb6 15. Rac1 Nf5 16. Bxf5 exf5 17. Nb3 {Black withdrew - adjudicated} 1/2-1/2

[Event "Spring Server Series, S02063"]
[Site "CCLA"]
[Date "2020.05.26"]
[Round "?"]
[White "Smith, Jason A."]
[Black "Disque, Philip"]
[Result "1-0"]
[WhiteElo "1768"]
[BlackElo "1668"]

1. Nf3 Nf6 2. d4 d5 3. Nbd2 Bg4 4. h3 Bf5 5. g4 Bd7 6. Bg2 e6 7. Ne5 Ba4 
8. b3 Bb5 9. c4 Ba6 10. O-O Bb4 11. Bb2 Nbd7 12. f4 Nxe5 13. fxe5 Nd7 14. 
cxd5 Nxe5 15. dxe5 Bc5+ 16. Kh1 exd5 17. e6 f6 18. Rf5 c6 19. e4 Qe7 20. 
exd5 Bd3 21. Rf3 Ba6 22. Ne4 O-O-O 23. Nxc5 Qxc5 24. Rc3 Qf2 25. Qc2 Qh4 
26. dxc6 Rd4 27. cxb7+ 1-0

[Event "Spring Server Series, S02063"]
[Site "CCLA"]
[Date "2020.05.26"]
[Round "?"]
[White "Smith, Jason A."]
[Black "Smail, John"]
[Result "1-0"]
[WhiteElo "1768"]
[BlackElo "1645"]

1. Nf3 e6 2. d4 f5 3. Bg5 Nf6 4. e3 Be7 5. Bd3 O-O 6. O-O b6 7. Nbd2 Bb7 
8. c3 d6 9. Qc2 Nbd7 10. Qb3 d5 11. c4 Ne4 12. Bxe7 Qxe7 13. cxd5 Nxd2 14.
 Nxd2 exd5 15. Rac1 c6 16. e4 fxe4 17. Bxe4 Kh8 18. Bb1 Rf6 19. Qd3 Rh6 
20. Rfe1 Qd6 21. Nf3 Rf8 22. g3 Qf6 23. Re3 g5 24. Rf1 g4 25. Ne5 Nxe5 26.
 dxe5 Qe6 27. Qa3 c5 28. Qxa7 Rf7 29. f4 d4 30. f5 Qc4 31. Qb8+ 1-0

[Event "Spring Server Series, S02063"]
[Site "CCLA"]
[Date "2020.05.26"]
[Round "?"]
[White "Disque, Philip"]
[Black "Ruiz, Glenn"]
[Result "1-0"]
[WhiteElo "1668"]
[BlackElo "1831"]

1. Nf3 Nf6 2. c4 d5 3. cxd5 Nxd5 4. e4 Nb6 5. d4 Bg4 6. Be2 g6 7. Nc3 Bg7 
8. Be3 O-O 9. O-O Nc6 10. d5 Ne5 11. Nxe5 Bxe2 12. Qxe2 Bxe5 13. Bh6 Bg7 
14. Bxg7 Kxg7 15. Rad1 f6 16. e5 Nd7 17. f4 f5 18. g4 a6 19. e6 Nb6 20. b3
fxg4 21. Qxg4 Rf5 22. Rd3 Qf8 23. h4 Rd8 24. Qf3 Qf6 25. Qf2 Nxd5 26. Ne4 
Qxe6 27. Qd4+ Kg8 28. Ng5 Qb6 29. Qxb6 cxb6 30. Ne6 Rd6 31. Ng5 Rxf4 32. 
Rxf4 Nxf4 33. Rxd6 exd6 34. Ne4 d5 35. Nd6 Kf8 36. Kf2 Ke7 37. Nc8+ Ke6 
38. Nxb6 h6 39. Kf3 Kf5 40. Nd7 g5 41. hxg5 hxg5 42. Nc5 d4 43. Nxb7 g4+ 
44. Kf2 Nd3+ 45. Kg3 Nc1 46. Nd6+ Ke5 47. Nc4+ Ke4 48. Kxg4 Nxa2 49. Kg3 
Kd3 50. Kf2 Kc3 1-0